1859 1116 1274 1475 1637 1657 1013 1567 1299 1117 1355 1099 1758 1602 1635 1529 1286 1875 1510 1020 1741 1651 1375 1241 1876 1932 1153 1777 1744 1597 1991 1873 1771 1836 1095 1427 1535 1590 1296 1584 1189 1402 1546 1254 1558 1668 1977 1824 1287 1027 1517 1219 1532 1961 1640 2000 1059 1172 1581 1895 1277 1686 1103 1000 1169 1774 1482 1738 1801 1843 1243 1269 1244 1909 1868 1963 1366 1398 1158 1861 1426 1013 1626 1924 1450 1868 1609 1997 1578 1678 1709 1590 1290 1545 1387 1776 1038 1722 1541 BCNSPRNW ULIB Ver.6.0+V

เปลี่ยนเป็นภาษาไทย

Change to English
 แสดงรายละเอียดบรรณานุกรม
  กลับหน้าหลัก

Brief Record : Get Marc (ISO 2709) : E-mail record : QR code < ปิดหน้าต่าง
LEADER : 00000nam 2200000uu 4500
001    13399112922
003     ULIB
008    110919s2552||||th 000 0 tha d
020    9786165000116
090    นว.^bก831ก 2552
100 0  เก้าแต้ม
245 00 กังหันรักลมปรารถนา/^cเก้าแต้ม
250    พิมพ์ครั้งที่ 1
260    กรุงเทพฯ :^bพิมพ์คำ,^c2552
300    291 หน้า
945    ^p200^l0^i16433
995    กัณชพร
999     ^aใช้งานได้ทุกระบบ
รายการนี้ยังไม่มีแท็ก
คุณยังไม่ได้ล็อกอิน คุณสามารถมีกิจกรรมร่วมกับเว็บไซต์ได้ แต่ต้องล็อกอินก่อน ::
  ล็อกอิน

รายการสื่อสารสนเทศ

ลำดับที่ ประเภท เลขเรียก/บาร์โค้ด สถานที่ สถานะ
1. วิทยาศาสตร์การแพทย์ และสุขภาพ
วิทยาศาสตร์การแพทย์ และสุขภาพ
นว. ก831ก 2552  
  Barcode: 16433
ห้องสมุดวิทยาเขตสวรรค์ประชารักษ์
►นวนิยาย
บนชั้น
  ขอยืม

รายการใกล้เคียง
    ผู้แต่ง [เก้าแต้ม]

BibComment


ยังไม่เคยถูกคอมเมนท์

คอมเมนท์ทรัพยากรรายการนี้
  คอมเมนท์: กังหันรักลมปรารถน..


 Copyright 2026. Bcnsprnw @Library